000
00182 a2200097 4500
001
8928
100
_a
Tolstoy D
245
_a
Ware & Peace
260
_a
_b
D
_c
090
_c
7117
_d
7117
942
_a
NUST-CAE
_c
M
_c
33731
999
_c
244001
_d
244001